Responses for Show #6878 - Wednesday, July 9, 2014

Contestants

[<< previous game]

Nick Lasik, a bartender from Portland, Oregon

Sara Tess Neumann, a museum educator from Quincy, Massachusetts

Campbell Warner, a military attorney originally from Rock Hill, South Carolina (whose 1-day cash winnings total $22,000)

[next game >>]

Jeopardy! Round responses

SPOT THE MAMMAL
11-LETTER WORDS
ARRESTED DEVELOPMENT
MEASURING DEVICES
POP CULTURE COLLEGE COURSES
"AMEN"
    $200 7
a marten

Nick
    $200 12
a stethoscope

Campbell
    $200 1
Gandhi

Nick
    $200 17
(Nick: What is speedometer?)
(Campbell: What is a tripometer?)

odometer

CampbellNick
Triple Stumper
    $200 6
Georgetown

Nick
    $200 26
a lament

Nick
    $400 8
kinkajou

Nick
    $400 13
retroactive

Campbell
    $400 2
(John James) Audubon

Nick
    $400 18
spaghetti

Sara Tess
    $400 19
zombies

Nick
    $400 27
a parliament

Campbell
    $600 9
the narwhal

Nick
    $600 14
to synchronize

Campbell
    $600 3
Dostoyevsky

Campbell
    $600 20
(Campbell: What is alcohol?)

sugar

CampbellNick
    $600 23
(Nick: What is Professional [*]?)

Wrestling

Nick
    $600 28
flamenco

Campbell
    $800 10
hyrax

Nick
    $800 15
a triumvirate

Campbell
    $800 4
von Braun

Campbell
    $800 21
the spine

Campbell
    $800 24
Mad Men

Nick
    $800 29
predicament

Campbell
    $1000 11
the pangolin

Triple Stumper
    $1000 16
[NOTE: There was no applause for Campbell's run of the category.]

pyrokinesis

Campbell
    $1000 5
Oscar Wilde

Triple Stumper
    $1,000 22
(Campbell: What is...transparency?)

the boiling point

Campbell
    $1000 25
Bob Dylan

Campbell
    $1000 30
the sacraments

Sara Tess

Scores at the first commercial break (after clue 15):

Campbell Sara Tess Nick
$3,400 $0 $2,800

Scores at the end of the Jeopardy! Round:

Campbell Sara Tess Nick
$6,200 $1,400 $5,200

Double Jeopardy! Round responses

LONDON SPRAWLING
SYNONYMS
NURSERY RHYME CATS
NONFICTION BOOKS ON THE BIG SCREEN
THE WEST
"Y": ME
    $400 16
Westminster

Campbell
    $400 21
bangs

Sara Tess
    $400 22
(Nick: What is [*] silvery [*]?)

the moon

Sara TessNick
    $400 1
Walk the Line

Nick
    $400 11
a photographer

Nick
    $400 2
(Brigham) Young

Sara Tess
    $800 17
Piccadilly Circus

Campbell
    $800 25
Rubenesque

Nick
    $800 23
Redbreast

Triple Stumper
    $800 3
(George) Clooney

Nick
    $800 12
(Nick: What is Salt Lake City?)
(Sara Tess: What is Sacramento?)

Oklahoma City

Sara TessNick
Triple Stumper
    $800 4
"Weird Al" Yankovic

Sara Tess
    $1200 18
Bloomsbury

Triple Stumper
    $1200 26
low

Triple Stumper
    $1200 24
pie

Triple Stumper
    $1200 5
Apollo 13

Campbell
    $1200 13
the Golden Spike

Nick
    $1200 8
Michael York

Campbell
    $1600 19
the Green Belt

Triple Stumper
    $2,000 27
(Alex: You can see the score.)
(Nick: Yeah. Yeah, I can.)

acme

Nick
    $1600 29
a sixpence

Triple Stumper
    $1600 6
The Wall Street Journal

Campbell
    $1600 14
(Zebulon) Pike

Campbell
    $2,200 9
(Torakusu) Yamaha

Campbell
    $2000 20
Soho

Campbell
    $2000 28
a sommelier

Nick
    $2000 30
(Nick: Who is the Cheshire cat?)

the calico cat

Nick
Triple Stumper
    $2000 7
Mean Girls

Nick
    $2000 15
the Navajo

Triple Stumper
    $2000 10
(Elihu) Yale

Campbell

Scores at the end of the Double Jeopardy! Round:

Campbell Sara Tess Nick
$19,200 $2,600 $11,600

[wagering suggestions for these scores]

Final Jeopardy! Round responses

CONSTITUTIONAL MONARCHIES
Sara TessWhat is Monacco?
$2,500
NickWhat is Japan?
$11,600
CampbellWhat is Bahrain?
$4,000
the Netherlands

Final scores:

Campbell Sara Tess Nick
$15,200 $100 $0
2-day champion: $37,200 2nd place: $2,000 3rd place: $1,000

Game dynamics:

Coryat scores:

Campbell Sara Tess Nick
$19,600 $2,600 $11,200
21 R
(including 1 DD),
3 W
(including 1 DD)
6 R,
1 W
20 R
(including 1 DD),
4 W

Combined Coryat: $33,400

[game clues] [game scores] [suggest correction]

Game tape date: 2014-03-18
The J! Archive is created by fans, for fans. Scraping, republication, monetization, and malicious use prohibited; this site may use cookies and collect identifying information. See terms. The Jeopardy! game show and all elements thereof, including but not limited to copyright and trademark thereto, are the property of Jeopardy Productions, Inc. and are protected under law. This website is not affiliated with, sponsored by, or operated by Jeopardy Productions, Inc. Join the discussion at JBoard.tv.